| 000 | 00647pam a2200241 a 4500 | ||
|---|---|---|---|
| 003 | OSt | ||
| 005 | 20150805103350.0 | ||
| 008 | 940415s1994 mau 001 0 eng | ||
| 020 | _a0534944949 | ||
| 040 | _aSEKU | ||
| 050 | 0 | 0 |
_aQA 152.2 _b.J6 1994 |
| 100 | 1 | _aJohnston, C. L. | |
| 245 | 1 | 0 |
_aEssential algebra / _cC.L. Johnston, Alden T. Willis, Jeanne Lazaris. |
| 250 | _a7th ed. | ||
| 260 |
_aBoston : _bPWS, _c1994. |
||
| 300 |
_axvii, 650, 99 p. ; _c28 cm. |
||
| 490 | 1 | _aThe Johnston-Willis series | |
| 500 | _aIncludes index. | ||
| 650 | 0 | _aAlgebra. | |
| 700 | 1 | _aWillis, Alden T. | |
| 700 | 1 | _aLazaris, Jeanne, | |
| 942 |
_2lcc _cGEN |
||
| 999 |
_c8370 _d8370 |
||